000 00541nam a2200193Ia 4500
005 20250923145927.0
008 008 250917s9999 xx 000 0 eng d
037 _aReference
040 _aDSWL
_beng
_cDSWL
041 _aeng
_2eng
084 _aZ2 (X:9B)'N86, N88
_qDSWL
245 0 _aChild labour (prohibition and regulation)Act, 1986
260 _aAllahabad
_bLaw Publisher
_c1995
300 _a20p.
365 _aINR
_b15.00
925 _g15.00
942 _cREF
_hZ2 (X:9B)'N86, N88
999 _c1457460
_d1457460